X-Men (Record no. 985)

MARC details
000 -LEADER
fixed length control field 01850nam a2200229 a 4500
005 - DATE AND TIME OF LATEST TRANSACTION
control field 20260322212042.0
008 - FIXED-LENGTH DATA ELEMENTS--GENERAL INFORMATION
fixed length control field data
099 ## - LOCAL FREE-TEXT CALL NUMBER (OCLC)
Classification number DVD 905
001 - CONTROL NUMBER
control field data
100 1# - MAIN ENTRY--PERSONAL NAME
Personal name Jackman, Hugh.
245 10 - TITLE STATEMENT
Title X-Men
Statement of responsibility, etc. Twentieth Century Fox presents in association with Marvel Entertainment Group ; directed by Bryan Singer ; screenplay by David Hayter ; story by Tom DeSanto & Bryan Singer ; produced by Lauren Shuler Donner, Ralph Winter ; The Donners' Company/Bad Hat Harry production ; a Bryan Singer film. Music by Michael Kamen ; director of photography, Newton Thomas Sigel ; editors, Steven Rosenblum, Kevin Stitt, John Wright ; story by Tom DeSanto & Bryan Singer ; screenplay by David Hayter ; co-producers, Joel Simon and William S. Todman, Jr. ; produced by Lauren Shuler Donner, Ralph Winter ; directed by Bryan Singer.
260 ## - PUBLICATION, DISTRIBUTION, ETC.
Place of publication, distribution, etc. Beverly Hills, CA :
Name of publisher, distributor, etc. Twentieth Century Fox Home Entertainment,
Date of publication, distribution, etc. 2005.
300 ## - PHYSICAL DESCRIPTION
Extent Visual Material : Videorecording : DVD video Computer File 1 videodisc (ca. 104 min.) :
Other physical details 4 3/4 in.
500 ## - GENERAL NOTE
General note Title from container./ Patrick Stewart, Hugh Jackman, Ian McKellen, Halle Berry, Famke Janssen, James Marsden, Bruce Davison, Rebecca Romijn-Stamos, Ray Park and Anna Paquin./ Based on the comic book series of the same name./ Originally produced as a motion picture./ "Includes 10 min. of never-before-seen footage."--Container./ Audience: MPAA rating: PG-13/ CHV rating: PG/ Rating: G.
520 3# - SUMMARY, ETC.
Summary, etc. A war is brewing between those with special powers ("mutants") and the rest of humanity -- and the only ones who can save the humans from certain destruction are a special group of mutants- the "X-Men."
650 #0 - SUBJECT ADDED ENTRY--TOPICAL TERM
Topical term or geographic name entry element Action adventure films
650 #0 - SUBJECT ADDED ENTRY--TOPICAL TERM
Topical term or geographic name entry element Science fiction films
700 1# - ADDED ENTRY--PERSONAL NAME
Personal name Stewart, Patrick,
Dates associated with a name 1940-
700 1# - ADDED ENTRY--PERSONAL NAME
Personal name McKellen, Ian.
700 1# - ADDED ENTRY--PERSONAL NAME
Personal name Berry, Halle.
700 1# - ADDED ENTRY--PERSONAL NAME
Personal name Romijn, Rebecca,
Dates associated with a name 1972-
Holdings
Withdrawn status Lost status Damaged status Not for loan Home library Current library Shelving location Date acquired Total checkouts Full call number Barcode Date last seen Price effective from Koha item type
        Riverside Riverside General stacks 22/03/2026   GEN BC0011018 22/03/2026 22/03/2026 Books